Guía de parques nacionales naturales / (Registro nro. 1055)
[ vista simple ]
| 000 -CABECERA | |
|---|---|
| Campo de control | 00755nam a2200205 a 4500 |
| 005 - FECHA Y HORA DE LA ULTIMA TRANSACCION | |
| Campo de control | 20191224041552.0 |
| 008 - ELEMENTOS DE LONGITUD FIJA—INFORMACION GENERAL | |
| Campo de control | 140224b1998 ck a||||r|||| 00| 0 spa d |
| 040 ## - FUENTE DE CATALOGACIÓN | |
| Agencia catalogadora original | CO-BoIAVH |
| Agencia transcriptora | CO-BoIAVH |
| 041 0# - IDIOMA | |
| Código de idioma para texto/pista de sonido o título separado | Español |
| 044 ## - PAÍS DE PUBLICACIÓN | |
| País de publicación | Colombia |
| 082 04 - NUMERO DE CLASIFICACION DECIMAL DEWEY | |
| Número de clasificación | 333.783 |
| Número del ítem | G89p |
| 110 1# - ASIENTO PRINCIPAL--NOMBRE CORPORATIVO | |
| Nombre corporativo o de jurisdicción como elemento de entrada | Colombia. |
| Unidad subordinad | Ministerio del Medio Ambiente |
| 9 (RLIN) | 86245 |
| 245 10 - MENCION DE TITULO | |
| Título | Guía de parques nacionales naturales / |
| Mención de responsabilidad | Ministerio del Medio Ambiente |
| 260 ## - PUBLICACION, DISTRIBUCION, ETC. (PIE DE IMPRENTA) | |
| Lugar de publicación, distribución, etc. | Bogotá : |
| Nombre del editor, distribuidor, etc. | UAESPNN, |
| Fecha de publicación, distribución, etc. | 1998?. |
| 300 ## - DESCRIPCION FISICA | |
| Extensión | 50 páginas : |
| Otros detalles físicos | ilustraciones y mapas ; |
| Dimensiones | 22 x 11 cm. |
| 650 26 - ASIENTO SECUNDARIO DE MATERIA - TERMINO TEMATICO | |
| Término temático o nombre geográfico como elemento de entrada | Parques nacionales naturales |
| Subdivisión geográfica | Colombia |
| Subdivisión de forma | Guías |
| 9 (RLIN) | 86246 |
| 650 24 - ASIENTO SECUNDARIO DE MATERIA - TERMINO TEMATICO | |
| Término temático o nombre geográfico como elemento de entrada | Guías turísticas |
| 9 (RLIN) | 10546 |
| 710 2# - ASIENTO SECUNDARIO - NOMBRE CORPORATIVO | |
| Nombre corporativo o de jurisdicción como elemento de entrada | Unidad Administrativa Especial del Sistema de Parques Nacionales Naturales (Colombia) |
| 9 (RLIN) | 1708 |
| 942 ## - ELEMENTOS ADICIONALES (KOHA) | |
| Tipo de ítem | Libro |
| Sistema de clasificación | Dewey Decimal Classification |
| Withdrawn status | Lost status | Sistema de Clasificación | Damaged status | No para préstamo | Colección | Inventariado | Ubicación Permanente | Ubicación actual | Fecha de adquisición | Fuente de Valor | Valor | Total Checkouts | Número topográfico | Inventario / Código de Barras | Date last seen | Ejemplar | Price effective from | Forma de adquisición | Tipo de material |
|---|---|---|---|---|---|---|---|---|---|---|---|---|---|---|---|---|---|---|---|
| Dewey Decimal Classification | General | Inventariado 2017 | Sala Fabio Quevedo | Sala Fabio Quevedo | 14/01/1999 | Instituto | 39000.00 | LB-333.783 G89p | 009396 | 04/12/2012 | Ej. 1 | 04/12/2012 | Donación | Libro |